000 00445nam a2200193Ia 4500
005 20250425160939.0
008 250425s9999 xx 000 0 und d
041 _apor
082 _a387.164
100 _aDR. DE SOUZA, JOSE ADALMIR
245 0 _aCURSO INTERNACIONAL DE CONTENEDORES
250 _aS.E.
260 _aBrasil
_bESPOL
_c1988
260 _aS.L.
300 _a160
650 _aCONTENEDORES
942 _c01
010 _a9030
999 _c199428
_d199428